| 000 | 01108nam a2200241 i 4500 | ||
|---|---|---|---|
| 001 | 190145 | ||
| 003 | ES-MaACL | ||
| 005 | 20250902113855.0 | ||
| 008 | 200902s1877 sp |||| | spa d | ||
| 080 | _a72.092(460) | ||
| 100 | 1 |
_aRepullés y Vargas, Enrique María, _d1845-1922 _996277 |
|
| 245 | 1 | 0 | _aMemoria leída ante la Sociedad Central de Arquitectos, por el socio don Enrique María Repullés y Vargas, en la conferencia celebrada por la misma el día 4 de mayo de 1877. |
| 260 |
_aMadrid : _b[s.n.], _c1877 ( _fImp., Estereotipia y Galvanoplastia de Aribau y Cª) |
||
| 300 |
_a31 p. ; _c19 cm. |
||
| 530 | _aDisponible en formato digital. | ||
| 594 | _aTema: Manera de realizar los concursos para la construcción de los edificios públicos. | ||
| 650 |
_aCertámenes de arquitectura- _zEspaña. _9170243 |
||
| 650 | 4 |
_aConcursos administrativos- _zEspaña. _9170244 |
|
| 710 | 2 |
_aSociedad Central de Arquitectos _9134871 |
|
| 852 | 4 |
_aES-MaACL _jT-340-F-9 |
|
| 856 | 4 |
_uhttp://bdh-rd.bne.es/viewer.vm?id=0000050574&page=1 _zBiblioteca Digital Hispánica |
|
| 999 |
_c190145 _d190145 |
||